000 00696cam a2200253 a 4500
001 000008445
005 20200929161337.0
008 900420s1989 sp 000 f spa d
020 _a8432205850
040 _aDO-SdBNP
_cDLC
_dBNPHU
082 _a863.6
_bC392c, 1989
100 1 _aCela, Camilo José,
_d1916-2002.
_93188
245 1 3 _aLa catira /
_cCamilo José Cela.
250 _a2a ed.
260 _aBarcelona :
_bSeix Barral,
_c1989.
300 _a312 p. ;
_c20 cm.
490 0 _aBiblioteca breve
650 4 _aNovela española
_91123
650 4 _aLiteratura española
_9632
830 0 _aBiblioteca breve
_913442
910 _aCatalogación derivada
910 _aWM
049 _aBNGR
999 _c8216
_d8216